[Event "Team men PL chess 2021"]
[Site "?"]
[Date "2021.05.03"]
[Round "3.5"]
[White "Fedoseev, Vladimir"]
[Black "Najer, Evgeniy"]
[Result "1/2-1/2"]
[WhiteElo "2687"]
[BlackElo "2648"]
[PlyCount "59"]
[EventDate "2021.??.??"]

1.d4 d5 2.c4 c6 3.Nf3 Nf6 4.Nc3 e6 5.e3 Nbd7 6.h3 Bd6 7.Bd3 O-O
8.O-O e5 9.cxd5 cxd5 10.dxe5 Nxe5 11.b3 Qe7 12.Bb2 Bd7 13.Nd4
Rfd8 14.Rc1 a6 15.Bf5 Rac8 16.Qe2 Be6 17.e4 Nc6 18.Nxc6 bxc6
19.Bxe6 Qxe6 20.exd5 cxd5 21.Qd3 Re8 22.Rcd1 Rcd8 23.Na4 Nh5
24.Bc1 h6 25.Qf3 Nf6 26.Bb2 Ne4 27.Qg4 Qxg4 28.hxg4 Nc5 29.Nxc5
Bxc5 30.Bd4 1/2-1/2

[Event "Team men PL chess 2021"]
[Site "?"]
[Date "2021.05.03"]
[Round "3.6"]
[White "Grachev, Boris"]
[Black "Sakaev, Konstantin"]
[Result "1/2-1/2"]
[WhiteElo "2619"]
[BlackElo "2604"]
[PlyCount "36"]
[EventDate "2021.??.??"]

1.c4 e6 2.Nc3 d5 3.d4 c6 4.e4 dxe4 5.Nxe4 Bb4+ 6.Nc3 c5 7.a3
Bxc3+ 8.bxc3 Nf6 9.Nf3 Qa5 10.Bd2 Ne4 11.Bd3 Nxd2 12.Qxd2 O-O
13.O-O cxd4 14.cxd4 Qxd2 15.Nxd2 Rd8 16.Nb3 Bd7 17.a4 Nc6 18.Rfd1
b6 1/2-1/2

[Event "Team men PL chess 2021"]
[Site "?"]
[Date "2021.05.03"]
[Round "3.7"]
[White "Motylev, Alexander"]
[Black "Shubin, Kirill"]
[Result "1/2-1/2"]
[WhiteElo "2641"]
[BlackElo "2481"]
[PlyCount "80"]
[EventDate "2021.??.??"]

1.e4 e6 2.d4 d5 3.e5 c5 4.c3 Qb6 5.Nf3 Nc6 6.a3 Nh6 7.Bd3 Bd7
8.O-O cxd4 9.b4 dxc3 10.Nxc3 Rc8 11.Na4 Qd8 12.Re1 b6 13.Nc3
Nxb4 14.Bg5 Nxd3 15.Bxd8 Nxe1 16.Qxe1 Rxd8 17.Qb1 Bc5 18.Nb5
O-O 19.Nxa7 Ng4 20.Ra2 f6 21.exf6 Nxf6 22.Nb5 Ne4 23.Rc2 Ra8
24.Nc3 Rxa3 25.Nxe4 dxe4 26.Ng5 Bd4 27.Rd2 Ra1 28.Qxa1 Bxa1 29.Rxd7
Rb8 30.Nxe4 b5 31.Rd3 e5 32.Kf1 b4 33.Ke2 Kf7 34.Rd7+ Kf8 35.Nc5
b3 36.Rd1 Rb5 37.Nxb3 Rxb3 38.Rxa1 Kf7 39.Ra6 Rc3 40.h4 h5 1/2-1/2

[Event "Team men PL chess 2021"]
[Site "?"]
[Date "2021.05.03"]
[Round "3.8"]
[White "Usmanov, Vasily"]
[Black "Goryachkina, Aleksandra"]
[Result "0-1"]
[WhiteElo "2443"]
[BlackElo "2593"]
[PlyCount "50"]
[EventDate "2021.??.??"]

1.e4 e6 2.d4 d5 3.Nc3 Nf6 4.Bg5 dxe4 5.Nxe4 Be7 6.Bxf6 Bxf6 7.Nf3
b6 8.Bd3 Bb7 9.Qe2 Nd7 10.O-O-O Qe7 11.h4 a6 12.Kb1 b5 13.Ne5
Bxe5 14.dxe5 O-O-O 15.f4 Nb6 16.h5 h6 17.Qf2 Bxe4 18.Bxe4 Qb4
19.Rxd8+ Rxd8 20.Qe1 Rd2 21.a3 Qd4 22.b3 Nd7 23.Kc1 Nc5 24.Rh3
Nxe4 25.c3 Qd5 0-1

[Event "Team men PL chess 2021"]
[Site "?"]
[Date "2021.05.03"]
[Round "3.9"]
[White "Tregubov, Pavel V"]
[Black "Pershin, Denis"]
[Result "1-0"]
[WhiteElo "2560"]
[BlackElo "2391"]
[PlyCount "119"]
[EventDate "2021.??.??"]

1.e4 c6 2.Nf3 d5 3.Nc3 Bg4 4.h3 Bxf3 5.Qxf3 e6 6.g3 Nf6 7.Bg2
Bc5 8.O-O O-O 9.Rd1 Bd4 10.d3 Nbd7 11.Qf4 Qb6 12.exd5 Be5 13.Qh4
cxd5 14.Ne2 Rfc8 15.c3 Bd6 16.d4 h6 17.g4 Qc7 18.f3 b5 19.Bd2
a5 20.Qe1 Qb8 21.Rdc1 Nb6 22.b3 Ra7 23.Bf1 Nh7 24.Kg2 Qc7 25.Ng3
Qd7 26.Bd3 Rac7 27.f4 b4 28.cxb4 Rxc1 29.Rxc1 Rxc1 30.Qxc1 axb4
31.Nh5 Nf8 32.f5 exf5 33.gxf5 Nh7 34.Qd1 f6 35.h4 Qa7 36.Qg4
Bf8 37.Bb1 Qa3 38.Qd1 Qb2 39.Nf4 Qxd4 40.Qe1 Qe5 41.Qe3 d4 42.Qf3
Bc5 43.Qc6 Nf8 44.Kf3 Nfd7 45.Qe6+ Kh7 46.Qxe5 fxe5 47.Ne6 Nd5
48.f6+ Kg8 49.fxg7 h5 50.Bd3 Be7 51.Bc4 N5b6 52.Ke4 Kf7 53.Be2
Bxh4 54.Bxh5+ Kg8 55.Bg6 Be7 56.Bh6 Bf6 57.Bf5 Be7 58.Nf8 Nxf8
59.gxf8Q+ Bxf8 60.Be6+ 1-0

[Event "Team men PL chess 2021"]
[Site "?"]
[Date "2021.05.03"]
[Round "3.10"]
[White "Askerov, Marat"]
[Black "Murzin, Volodar"]
[Result "0-1"]
[WhiteElo "2384"]
[BlackElo "2478"]
[PlyCount "94"]
[EventDate "2021.??.??"]

1.d4 Nf6 2.c4 g6 3.Nf3 Bg7 4.g3 O-O 5.Bg2 d6 6.O-O Nbd7 7.Nc3
e5 8.e4 a6 9.Re1 exd4 10.Nxd4 Ng4 11.Qxg4 Bxd4 12.Qe2 Ne5 13.Bh6
Ng4 14.Bxf8 Bxf2+ 15.Kh1 Bxe1 16.Rxe1 Kxf8 17.e5 Nxe5 18.c5 Bf5
19.Qd2 Kg7 20.Qd4 Rb8 21.Rd1 b6 22.cxb6 cxb6 23.Nd5 Be6 24.Nb4
Rc8 25.Nc6 Qf6 26.Qxd6 Nc4 27.Qd4 Nxb2 28.Qxf6+ Kxf6 29.Rd4 Nc4
30.Kg1 a5 31.Kf2 Ne5 32.Rf4+ Bf5 33.Nxe5 Kxe5 34.Ke1 Rc2 35.Rf2
Rxf2 36.Kxf2 Be4 37.Bf1 g5 38.Bb5 f5 39.a4 f4 40.gxf4+ Kxf4 41.Be8
g4 42.Ke2 Bg6 43.Bxg6 hxg6 44.Kf2 Kg5 45.Kg3 Kh5 46.Kf2 Kh4 47.Kg2
g5 0-1

[Event "Team men PL chess 2021"]
[Site "?"]
[Date "2021.05.03"]
[Round "3.11"]
[White "Savchenko, Boris"]
[Black "Saveliev, Alexei"]
[Result "1-0"]
[WhiteElo "2538"]
[BlackElo "2372"]
[PlyCount "65"]
[EventDate "2021.??.??"]

1.c4 c5 2.Nf3 Nf6 3.d4 cxd4 4.Nxd4 b6 5.Nc3 Bb7 6.f3 e6 7.e4
d6 8.Be3 Be7 9.Qd2 O-O 10.g4 Nc6 11.O-O-O a6 12.Kb1 Rc8 13.Be2
Qc7 14.Rc1 Qb8 15.g5 Nd7 16.h4 Rfd8 17.h5 Nf8 18.h6 g6 19.Nd5
exd5 20.Nxc6 Bxc6 21.cxd5 Bxd5 22.exd5 Nd7 23.Bxa6 Rxc1+ 24.Rxc1
b5 25.Qa5 Nc5 26.Bxb5 Qc8 27.Bd3 Qh3 28.Qc3 f6 29.gxf6 Bf8 30.Bg5
Kf7 31.b4 Rb8 32.Ka1 Nd7 33.f4 1-0

[Event "Team men PL chess 2021"]
[Site "?"]
[Date "2021.05.03"]
[Round "3.12"]
[White "Timerkhanov, Alexander"]
[Black "Gluhovsky, Mark"]
[Result "1/2-1/2"]
[WhiteElo "2403"]
[BlackElo "2271"]
[PlyCount "118"]
[EventDate "2021.??.??"]

1.d4 Nf6 2.Bg5 g6 3.Bxf6 exf6 4.e3 d5 5.g3 c6 6.Bg2 h5 7.h4 Bg4
8.Ne2 Nd7 9.Nd2 Nb6 10.b3 Bd6 11.f3 Be6 12.Kf2 Qc7 13.a4 a5 14.Rc1
Ba3 15.Rb1 Bd6 16.Bh3 Qd7 17.Qf1 O-O 18.Qg2 Bxh3 19.Qxh3 f5 20.Rbg1
Rae8 21.Nf1 Qe6 22.g4 hxg4 23.fxg4 f4 24.Qf3 fxe3+ 25.Nxe3 Qe4
26.Rh3 c5 27.c3 c4 28.Qxe4 Rxe4 29.bxc4 Nxc4 30.Nxd5 Kg7 31.h5
Rfe8 32.Nc1 Bf4 33.h6+ Kh8 34.Nf6 Re3 35.Rf3 Rxf3+ 36.Kxf3 Re6
37.Ne4 Be3 38.Re1 f5 39.Nc5 Re7 40.N1d3 b6 41.Nb3 fxg4+ 42.Kxg4
Kh7 43.Na1 Rf7 44.Ne5 Nxe5+ 45.dxe5 Bd2 46.Re4 Bxc3 47.e6 Re7
48.Nc2 Bd2 49.Rd4 Bxh6 50.Rd7 Bf8 51.Nd4 Rxd7 52.exd7 Be7 53.Nc6
Bf6 54.d8Q Bxd8 55.Nxd8 Kg7 56.Kg5 Kf8 57.Nc6 Kf7 58.Nd4 Ke7
59.Nb5 Ke6 1/2-1/2

[Event "Team men PL chess 2021"]
[Site "?"]
[Date "2021.05.03"]
[Round "3.13"]
[White "Artemiev, Vladislav"]
[Black "Truskavetsky, Alexandr"]
[Result "1-0"]
[WhiteElo "2709"]
[BlackElo "2387"]
[PlyCount "95"]
[EventDate "2021.??.??"]

1.d4 Nf6 2.c4 e6 3.Nf3 b6 4.g3 Bb4+ 5.Nbd2 Ba6 6.Qc2 Bb7 7.Bg2
O-O 8.O-O d5 9.Ne5 c5 10.Ndf3 cxd4 11.Nxd4 Bd6 12.Bf4 g5 13.Nxf7
Kxf7 14.Bxg5 Nbd7 15.cxd5 exd5 16.Rad1 Re8 17.Nb5 Be7 18.Qf5
Kg7 19.Nc3 Rc8 20.e4 Rf8 21.Qh3 Kh8 22.exd5 Bc5 23.Ne4 Qe8 24.Nxc5
Nxc5 25.Qh4 Qg6 26.Rfe1 Rf7 27.b4 Ncd7 28.Rd4 Rg8 29.Bd2 Qc2
30.Be3 Qxa2 31.Rf4 Bxd5 32.Bd4 Qd2 33.Ra1 Bxg2 34.Rxf6 Nxf6 35.Bxf6+
Rgg7 36.Kxg2 Kg8 37.Qc4 Rg6 38.Bd4 b5 39.Qd5 a6 40.Qd8+ Rf8 41.Qd5+
Rf7 42.Qe5 Rgf6 43.Kg1 h5 44.h4 Qd3 45.Qg5+ Rg6 46.Qd8+ Rf8 47.Qd5+
Rf7 48.Re1 1-0

[Event "Team men PL chess 2021"]
[Site "?"]
[Date "2021.05.03"]
[Round "3.14"]
[White "Musalov, Ruslan"]
[Black "Oparin, Grigoriy"]
[Result "0-1"]
[WhiteElo "2359"]
[BlackElo "2652"]
[PlyCount "102"]
[EventDate "2021.??.??"]

1.Nf3 Nf6 2.c4 e6 3.e3 d5 4.Nc3 Bd6 5.d4 b6 6.Bd3 Bb7 7.O-O O-O
8.b3 Nbd7 9.Bb2 a6 10.Rc1 Qe7 11.Ne2 dxc4 12.Bxc4 Rfd8 13.Ng3
c5 14.Qe2 cxd4 15.Nxd4 Ne5 16.Rfd1 g6 17.Bd3 Nxd3 18.Rxd3 Rac8
19.Rxc8 Rxc8 20.Qd1 Bb8 21.Nf3 e5 22.Nd2 b5 23.Nb1 h5 24.h3 h4
25.Nf1 Be4 26.Rd2 b4 27.f3 Bc6 28.Rc2 Rd8 29.Nbd2 Bb5 30.Qc1
Bd3 31.Rc8 Nd5 32.Qc6 Bb5 33.Rxd8+ Qxd8 34.Qc5 Qd7 35.Ne4 Kg7
36.a4 Bxf1 37.Kxf1 f6 38.Bc1 Ba7 39.Qd6 Qxd6 40.Nxd6 Bxe3 41.Ne8+
Kf7 42.Nc7 Nxc7 43.Bxe3 Ke6 44.Bf2 g5 45.Bc5 Nd5 46.Ke2 Nf4+
47.Kf1 Nd3 48.Bf8 a5 49.Kg1 Nc1 50.Bc5 Nxb3 51.Bb6 Nd4 0-1

[Event "Team men PL chess 2021"]
[Site "?"]
[Date "2021.05.03"]
[Round "3.15"]
[White "Timofeev, Artyom"]
[Black "Alexeev, Alexey"]
[Result "1-0"]
[WhiteElo "2594"]
[BlackElo "2243"]
[PlyCount "31"]
[EventDate "2021.??.??"]

1.e4 c5 2.Nf3 Nc6 3.Nc3 Nf6 4.Bb5 Nd4 5.e5 Nxb5 6.Nxb5 Nd5 7.Ng5
Nc7 8.Qh5 g6 9.Qf3 f5 10.exf6 exf6 11.Nxc7+ Qxc7 12.Qxf6 Qd6
13.Qxh8 Qe7+ 14.Kf1 Qxg5 15.d4 Qh4 16.Qe5+ 1-0

[Event "Team men PL chess 2021"]
[Site "?"]
[Date "2021.05.03"]
[Round "3.16"]
[White "Babakekhyan, Artem"]
[Black "Makhmutov, Rail"]
[Result "1/2-1/2"]
[WhiteElo "2236"]
[BlackElo "2450"]
[PlyCount "53"]
[EventDate "2021.??.??"]

1.Nf3 d5 2.g3 Nf6 3.Bg2 c5 4.O-O e6 5.d4 cxd4 6.Nxd4 e5 7.Nb3
Be6 8.Bg5 Nbd7 9.e4 dxe4 10.Nc3 Be7 11.Nxe4 Nxe4 12.Bxe7 Qxe7
13.Bxe4 Rb8 14.Qd3 h6 15.Rad1 O-O 16.Qd6 Qxd6 17.Rxd6 Rfc8 18.c3
Kf8 19.Rfd1 Ke7 20.R6d3 Nb6 21.Na5 Rc7 22.Bg2 f5 23.Re3 Kf6 24.Rd6
Ke7 25.Rd1 Kf6 26.Rde1 Nd7 27.Rd1 1/2-1/2

[Event "Team men PL chess 2021"]
[Site "?"]
[Date "2021.05.03"]
[Round "3.17"]
[White "Samusenko, Maksim"]
[Black "Pervakov, Sergey"]
[Result "1-0"]
[WhiteElo "2469"]
[BlackElo "2056"]
[PlyCount "107"]
[EventDate "2021.??.??"]

1.e4 e5 2.Nf3 Nc6 3.Nc3 Nf6 4.Bb5 Bb4 5.O-O O-O 6.Bxc6 dxc6 7.d3
Nd7 8.Ne2 Re8 9.Ng3 Nf8 10.Be3 Bd6 11.Nd2 Ng6 12.Nf5 Qf6 13.Qf3
Nh4 14.Nxh4 Qxh4 15.Qe2 Be6 16.f3 Rad8 17.Qf2 Qxf2+ 18.Rxf2 b6
19.a4 a5 20.Kf1 f6 21.h4 Bf7 22.Ke2 Rd7 23.g4 g6 24.Nf1 Be6 25.Ng3
Bf8 26.Rg2 Bg7 27.Bd2 c5 28.b3 Kf8 29.Bc3 Rf7 30.Rf1 Ke7 31.Ke1
Kd6 32.Ne2 Bd7 33.f4 exf4 34.Nxf4 c4 35.bxc4 Bxa4 36.Kd1 Bh6
37.Nd5 Ke6 38.Rgf2 Ref8 39.Nxf6 Bg7 40.g5 Bxf6 41.gxf6 c5 42.Kd2
Bc6 43.Kc1 Rb7 44.Kb2 Be8 45.Ka3 b5 46.cxb5 Rxb5 47.Rg2 h6 48.f7
Bxf7 49.Rf6+ Ke7 50.Rgf2 Rb7 51.Bd2 g5 52.hxg5 hxg5 53.Bxg5 Ke8
54.Rd6 1-0

[Event "Team men PL chess 2021"]
[Site "?"]
[Date "2021.05.03"]
[Round "3.19"]
[White "Chigaev, Maksim"]
[Black "Petrov, Nikita"]
[Result "1-0"]
[WhiteElo "2631"]
[BlackElo "2550"]
[PlyCount "75"]
[EventDate "2021.??.??"]

1.e4 e5 2.Nf3 Nc6 3.Bb5 a6 4.Ba4 Nf6 5.O-O Be7 6.Bxc6 dxc6 7.d3
Nd7 8.Be3 O-O 9.Nc3 f6 10.Ne2 Nc5 11.Ng3 g6 12.d4 exd4 13.Nxd4
Ne6 14.f4 Nxd4 15.Bxd4 c5 16.Bc3 Qxd1 17.Raxd1 b5 18.f5 a5 19.Bd2
Ra6 20.Bf4 Rc6 21.h4 b4 22.c4 bxc3 23.bxc3 Bd6 24.Bxd6 cxd6 25.Rf2
Kf7 26.h5 gxf5 27.exf5 Re8 28.Rfd2 Re3 29.Kf2 Rxc3 30.Ne4 Ra3
31.Rxd6 Rxa2+ 32.Ke3 Rc7 33.Rxf6+ Ke7 34.g4 c4 35.Rh6 Kf8 36.Rd8+
Kg7 37.Rf6 h6 38.Rff8 1-0

[Event "Team men PL chess 2021"]
[Site "?"]
[Date "2021.05.03"]
[Round "3.20"]
[White "Zakhartsov, Vladimir"]
[Black "Paravyan, David"]
[Result "1-0"]
[WhiteElo "2496"]
[BlackElo "2647"]
[PlyCount "109"]
[EventDate "2021.??.??"]

1.d4 Nf6 2.c4 g6 3.Nc3 d5 4.cxd5 Nxd5 5.Bd2 Bg7 6.e4 Nxc3 7.Bxc3
O-O 8.Qd2 c5 9.d5 Bxc3 10.bxc3 e6 11.Be2 exd5 12.exd5 Nd7 13.Nf3
Nf6 14.c4 Ne4 15.Qf4 Qa5+ 16.Kf1 Re8 17.h4 Bf5 18.g4 Nc3 19.Qh6
Qb6 20.Ng5 Qf6 21.Qxh7+ Kf8 22.Qh6+ Qg7 23.Qxg7+ Kxg7 24.gxf5
Nxe2 25.fxg6 Kxg6 26.Re1 Nd4 27.Rg1 Rxe1+ 28.Kxe1 Kf6 29.Kd2
Rh8 30.Rg4 b6 31.Rf4+ Nf5 32.Nxf7 Rxh4 33.Rxh4 Nxh4 34.Nd8 Nf5
35.Nc6 Nd6 36.Kd3 a5 37.a4 Kf5 38.Na7 Ke5 39.Nb5 Ne4 40.Ke3 Kf5
41.f4 Nf6 42.Nd6+ Kg4 43.Nc8 b5 44.cxb5 Nxd5+ 45.Kd3 Kxf4 46.b6
Ke5 47.b7 Nb4+ 48.Kc4 Na6 49.Kb5 Nb8 50.Kxc5 Ke6 51.Kb6 Kd7 52.Ka7
Kc7 53.Ne7 Nd7 54.Nd5+ Kc6 55.Nf6 1-0

[Event "Team men PL chess 2021"]
[Site "?"]
[Date "2021.05.03"]
[Round "3.21"]
[White "Riazantsev, Alexander"]
[Black "Makarian, Rudik"]
[Result "1-0"]
[WhiteElo "2631"]
[BlackElo "2481"]
[PlyCount "53"]
[EventDate "2021.??.??"]

1.d4 Nf6 2.c4 e6 3.Nf3 d5 4.Qc2 c5 5.dxc5 d4 6.e3 dxe3 7.Bxe3
Ng4 8.Bg5 Qa5+ 9.Bd2 Qxc5 10.Bc3 Nc6 11.h3 Nf6 12.Nbd2 Be7 13.a3
a5 14.Bd3 Bd7 15.O-O a4 16.Rad1 h6 17.Ne4 Nxe4 18.Bxe4 Bf6 19.Rfe1
Qxc4 20.Bd5 Qc5 21.Bxe6 fxe6 22.Qg6+ Kd8 23.Bxf6+ gxf6 24.Qg7
Kc7 25.Rxd7+ Kb6 26.Rxb7+ Ka6 27.b4 1-0

[Event "Team men PL chess 2021"]
[Site "?"]
[Date "2021.05.03"]
[Round "3.22"]
[White "Afanasiev, Nikita"]
[Black "Antipov, Mikhail Al"]
[Result "1/2-1/2"]
[WhiteElo "2522"]
[BlackElo "2609"]
[PlyCount "95"]
[EventDate "2021.??.??"]

1.d4 Nf6 2.Nf3 g6 3.c4 Bg7 4.g3 O-O 5.Bg2 d6 6.O-O Bf5 7.Nc3
Ne4 8.Nd5 c6 9.Ne3 Bd7 10.b3 a5 11.Qc2 f5 12.Rb1 Na6 13.a3 Qe8
14.Bb2 Qf7 15.Ne1 Nf6 16.Nd3 Nc7 17.d5 Bh6 18.Nf4 e5 19.dxe6
Nxe6 20.Nd3 f4 21.Bxf6 fxe3 22.fxe3 Bxe3+ 23.Kh1 Ng7 24.Bb2 Qe7
25.Qc3 Bf5 26.Rbe1 Rf7 27.Rf3 Re8 28.Ne5 Qxe5 29.Qxe5 dxe5 30.Rxe3
e4 31.Rd1 h5 32.Bc3 a4 33.bxa4 Ne6 34.a5 Nc5 35.Bb4 Nd7 36.h3
Ne5 37.Rd4 Rd7 38.Rxd7 Nxd7 39.Bd6 Ne5 40.Rc3 Kf7 41.Rb3 Ke6
42.c5 Nc4 43.Rxb7 Nxa5 44.Rb4 Kd5 45.Rb1 Kc4 46.Rb4+ Kd5 47.Rb1
Kc4 48.Rb4+ 1/2-1/2

[Event "Team men PL chess 2021"]
[Site "?"]
[Date "2021.05.03"]
[Round "3.23"]
[White "Yuffa, Daniil"]
[Black "Kukhmazov, Arsen"]
[Result "1/2-1/2"]
[WhiteElo "2587"]
[BlackElo "2458"]
[PlyCount "112"]
[EventDate "2021.??.??"]

1.d4 Nf6 2.c4 e6 3.Nf3 d5 4.Nc3 dxc4 5.e4 Bb4 6.Bxc4 Nxe4 7.O-O
Nf6 8.Qa4+ Nc6 9.Ne5 Rb8 10.Nxc6 bxc6 11.Qxc6+ Qd7 12.Qxd7+ Bxd7
13.Rd1 O-O 14.h3 h6 15.Be3 a5 16.Rac1 Bxc3 17.bxc3 Rb2 18.Rb1
Rfb8 19.Bd3 Nd5 20.Bd2 Ba4 21.Rxb2 Rxb2 22.Rb1 Rxb1+ 23.Bxb1
Bb5 24.c4 Bxc4 25.Bxa5 Kf8 26.Bd2 Ke7 27.g4 g5 28.Kg2 Kd6 29.Kg3
e5 30.dxe5+ Kxe5 31.a4 c5 32.Bc1 Nc3 33.Bb2 Kd4 34.a5 Ba6 35.Bh7
f6 36.f3 Kc4 37.Bg8+ Kb4 38.Ba1 c4 39.Kf2 Bb7 40.Ke3 Nd1+ 41.Ke2
Nc3+ 42.Kd2 Nb1+ 43.Kc1 Nc3 44.Kc2 Ne2 45.Kd2 Ng1 46.Bc3+ Kb5
47.Ke3 Nxh3 48.Bxf6 Nf4 49.Bg7 h5 50.gxh5 Nxh5 51.Be5 Nf4 52.Bxc4+
Kxc4 53.Bxf4 gxf4+ 54.Kxf4 Kb5 55.a6 Kxa6 56.Kg4 Bxf3+ 1/2-1/2

[Event "Team men PL chess 2021"]
[Site "?"]
[Date "2021.05.03"]
[Round "3.24"]
[White "Vetokhin, Savva"]
[Black "Kryakvin, Dmitry"]
[Result "0-1"]
[WhiteElo "2270"]
[BlackElo "2577"]
[PlyCount "104"]
[EventDate "2021.??.??"]

1.Nf3 Nf6 2.b3 g6 3.Bb2 Bg7 4.g3 O-O 5.Bg2 d5 6.c4 e6 7.O-O Nbd7
8.d3 b6 9.Qc2 Bb7 10.Ne5 c5 11.Nd2 Rc8 12.Rac1 Rc7 13.cxd5 Nxd5
14.Nxd7 Rxd7 15.Bxg7 Kxg7 16.Qb2+ f6 17.a3 Qe7 18.Ne4 e5 19.Rc4
a5 20.Rfc1 Rfd8 21.Nc3 Nxc3 22.Qxc3 Ba6 23.Re4 Rd4 24.Rxd4 Rxd4
25.Rb1 Bb5 26.Bf1 e4 27.dxe4 Qxe4 28.Re1 Rd6 29.f3 Qe5 30.Qc1
a4 31.bxa4 Bxa4 32.e4 Qd4+ 33.Qe3 c4 34.Kf2 Qd2+ 35.Qxd2 Rxd2+
36.Ke3 Rc2 37.Be2 b5 38.Ra1 Rb2 39.h4 Kf8 40.f4 Ke7 41.g4 h6
42.g5 hxg5 43.hxg5 fxg5 44.fxg5 Ke6 45.Bd1 Bxd1 46.Rxd1 Rb3+
47.Kd4 Rxa3 48.Rf1 Rd3+ 49.Kc5 c3 50.Kxb5 c2 51.Rf6+ Kd7 52.Rf7+
Kc8 0-1

[Event "Team men PL chess 2021"]
[Site "?"]
[Date "2021.05.04"]
[Round "4.1"]
[White "Truskavetsky, Alexandr"]
[Black "Chigaev, Maksim"]
[Result "0-1"]
[WhiteElo "2387"]
[BlackElo "2631"]
[PlyCount "103"]
[EventDate "2021.??.??"]

1.d4 Nf6 2.Nf3 g6 3.g3 Bg7 4.Bg2 c5 5.dxc5 Qa5+ 6.Nfd2 Qxc5 7.Nc3
O-O 8.Nb3 Qc7 9.Bg5 Qd8 10.Qd2 Nc6 11.h4 h5 12.Bxf6 Bxf6 13.g4
hxg4 14.h5 g5 15.Ne4 d5 16.Nxf6+ exf6 17.O-O-O Be6 18.f4 gxf3
19.exf3 Qd6 20.f4 Qxf4 21.Qxf4 gxf4 22.Rh4 Kg7 23.Rxf4 Rh8 24.Bf3
Rh6 25.Nc5 b6 26.Nb7 Ne5 27.Be2 Kf8 28.Nd6 Ke7 29.Nf5+ Bxf5 30.Rxf5
Rg8 31.Rf4 Rg2 32.Re1 Rh8 33.Rd4 Rd8 34.b3 Rh2 35.a4 a5 36.Bf3
Rh3 37.Be2 Re3 38.Kd2 Re4 39.c3 f5 40.Rf1 Ke6 41.Rh1 Rh8 42.h6
Ng4 43.Rh3 Rxd4+ 44.cxd4 Nxh6 45.Ke3 f6 46.Kf4 Nf7 47.Re3+ Kd6
48.Kxf5 Nd8 49.Bb5 Rh2 50.Re8 Rf2+ 51.Kg4 Ne6 52.Rb8 0-1

[Event "Team men PL chess 2021"]
[Site "?"]
[Date "2021.05.04"]
[Round "4.2"]
[White "Paravyan, David"]
[Black "Musalov, Ruslan"]
[Result "1-0"]
[WhiteElo "2647"]
[BlackElo "2359"]
[PlyCount "99"]
[EventDate "2021.??.??"]

1.d4 d5 2.c4 e6 3.Nf3 Nf6 4.g3 dxc4 5.Bg2 Bb4+ 6.Bd2 c5 7.O-O
O-O 8.Qc1 b5 9.a4 bxa4 10.dxc5 Bxc5 11.Ng5 Nd5 12.e4 Nb6 13.e5
h6 14.Ne4 Be7 15.Bxh6 gxh6 16.Qxh6 f5 17.Qg6+ Kh8 18.Qh6+ Kg8
19.Qg6+ Kh8 20.Nbc3 Nc6 21.Qh6+ Kg8 22.Qg6+ Kh8 23.Nf6 Bxf6 24.exf6
Qxf6 25.Qh5+ Kg7 26.Bxc6 Rb8 27.Nxa4 Rf7 28.Nc3 Bb7 29.Bxb7 Rbxb7
30.Rfe1 Rfe7 31.Ra5 Rbd7 32.Rae5 Rd2 33.Rxe6 Rxe6 34.Rxe6 Qxe6
35.Qg5+ Kf7 36.Qxd2 Nd7 37.Qd4 a6 38.Nd5 Qe1+ 39.Kg2 Qe4+ 40.Qxe4
fxe4 41.f4 a5 42.Kf1 Nc5 43.Ne3 Nd3 44.Nxc4 a4 45.Ne5+ Ke6 46.Nxd3
exd3 47.Ke1 Kd5 48.Kd2 Kc4 49.f5 Kb3 50.f6 1-0

[Event "Team men PL chess 2021"]
[Site "?"]
[Date "2021.05.04"]
[Round "4.3"]
[White "Alexeev, Alexey"]
[Black "Riazantsev, Alexander"]
[Result "0-1"]
[WhiteElo "2243"]
[BlackElo "2631"]
[PlyCount "90"]
[EventDate "2021.??.??"]

1.e4 c5 2.a3 g6 3.b4 Bg7 4.Nc3 d6 5.g3 b6 6.Bg2 Bb7 7.Nge2 e6
8.O-O Ne7 9.Rb1 Nbc6 10.d3 O-O 11.b5 Nd4 12.Nxd4 cxd4 13.Ne2
Rc8 14.Bb2 e5 15.c3 dxc3 16.Bxc3 Qd7 17.f4 f5 18.Qb3+ Kh8 19.Bh3
Ng8 20.fxe5 dxe5 21.Rbd1 Nh6 22.Qb2 Rce8 23.a4 Rf7 24.Nc1 Qe7
25.Bb4 Qg5 26.Qe2 f4 27.Bd2 Ref8 28.Kh1 Qd8 29.Bb4 Re8 30.Nb3
Nf5 31.gxf4 exf4 32.Rxf4 Nd4 33.Nxd4 Rxf4 34.Nc6 Qf6 35.Bd7 Rf2
36.Qe3 Rf1+ 37.Rxf1 Qxf1+ 38.Qg1 Qxd3 39.Bxe8 Qxe4+ 40.Qg2 Qb1+
41.Qg1 Qxb4 42.Qe3 Qxa4 43.Qd3 Qd4 44.Qe2 Qd5+ 45.Qg2 Qxb5 0-1

[Event "Team men PL chess 2021"]
[Site "?"]
[Date "2021.05.04"]
[Round "4.4"]
[White "Antipov, Mikhail Al"]
[Black "Babakekhyan, Artem"]
[Result "1-0"]
[WhiteElo "2609"]
[BlackElo "2236"]
[PlyCount "59"]
[EventDate "2021.??.??"]

1.e4 c6 2.d4 d5 3.exd5 cxd5 4.Bd3 Nc6 5.c3 Nf6 6.h3 Qc7 7.Nf3
g6 8.Qc2 Nh5 9.O-O Nf4 10.Bb5 Bf5 11.Bxf4 Qxf4 12.Qa4 Qd6 13.c4
Bxb1 14.Ne5 Bf5 15.cxd5 Qxd5 16.Rac1 Rc8 17.Nxc6 bxc6 18.Bxc6+
Rxc6 19.Rxc6 Kd8 20.Rfc1 Bh6 21.R1c5 Qe4 22.Qa5+ Ke8 23.Rc8+
Bxc8 24.Rxc8+ Kd7 25.Rxh8 Bf4 26.Qa4+ Kd6 27.Qa6+ Kc7 28.Qxa7+
Kd6 29.Qb6+ Kd5 30.Qb7+ 1-0

[Event "Team men PL chess 2021"]
[Site "?"]
[Date "2021.05.04"]
[Round "4.5"]
[White "Pervakov, Sergey"]
[Black "Yuffa, Daniil"]
[Result "0-1"]
[WhiteElo "2056"]
[BlackElo "2587"]
[PlyCount "70"]
[EventDate "2021.??.??"]

1.e4 c5 2.a3 Nc6 3.b4 Nf6 4.b5 Nd4 5.c3 Ne6 6.e5 Nd5 7.Qb3 Ndc7
8.Nf3 b6 9.d4 Bb7 10.Be3 Bxf3 11.gxf3 g6 12.d5 Ng7 13.f4 d6 14.c4
Nf5 15.Nd2 Bg7 16.Nf3 a6 17.bxa6 Rxa6 18.Bd3 Qd7 19.Rg1 O-O 20.Rg5
Nxe3 21.fxe3 f6 22.Rg3 fxe5 23.fxe5 dxe5 24.Be4 Qa4 25.Qd3 b5
26.Nd2 b4 27.h4 bxa3 28.h5 a2 29.hxg6 h6 30.Qb3 Qa5 31.Ke2 Ne8
32.Qb5 Qc3 33.Rgg1 Raf6 34.Rxa2 Nd6 35.Qa5 Rf2+ 0-1

[Event "Team men PL chess 2021"]
[Site "?"]
[Date "2021.05.04"]
[Round "4.7"]
[White "Shubin, Kirill"]
[Black "Artemiev, Vladislav"]
[Result "1/2-1/2"]
[WhiteElo "2481"]
[BlackElo "2709"]
[PlyCount "118"]
[EventDate "2021.??.??"]

1.e4 c5 2.Nf3 e6 3.g3 Nc6 4.Bg2 Nf6 5.Qe2 e5 6.O-O Be7 7.d3 O-O
8.a4 Re8 9.c4 d6 10.h3 Rb8 11.Nc3 a6 12.Bd2 h6 13.Nd5 b5 14.axb5
axb5 15.b3 Bd7 16.Nxe7+ Qxe7 17.Bc3 Nh7 18.Nh4 g6 19.f4 bxc4
20.bxc4 exf4 21.Rxf4 Ne5 22.Nf3 Ng5 23.Nxg5 hxg5 24.Rf2 Rb3 25.Qd2
Reb8 26.Raf1 Rb1 27.g4 f6 28.Qa2 Rxf1+ 29.Bxf1 Be8 30.Qa1 Kg7
31.Bxe5 dxe5 32.Qa6 Bf7 33.Qc6 Be8 34.Qa6 Rb4 35.Kg2 Ra4 36.Qb6
Rb4 37.Qa6 Rb1 38.Kg1 Bf7 39.Kg2 Qe6 40.Qxe6 Bxe6 41.Ra2 Rb7
42.Ra5 Rc7 43.Kf2 Kf7 44.Ra6 Ke7 45.Ke3 Kd7 46.Ra5 Kd6 47.Ra6+
Rc6 48.Rxc6+ Kxc6 49.Kd2 Kb6 50.Kc3 Ka5 51.Kb3 Bd7 52.Be2 f5
53.Bf3 Bc8 54.Ka3 Be6 55.Kb3 Bd7 56.Ka3 f4 57.Kb3 Bc6 58.Be2
Ba4+ 59.Kc3 Bc6 1/2-1/2

[Event "Team men PL chess 2021"]
[Site "?"]
[Date "2021.05.04"]
[Round "4.8"]
[White "Oparin, Grigoriy"]
[Black "Lobanov, Sergei"]
[Result "1-0"]
[WhiteElo "2652"]
[BlackElo "2515"]
[PlyCount "77"]
[EventDate "2021.??.??"]

1.d4 Nf6 2.c4 e6 3.Nf3 d5 4.g3 Be7 5.Bg2 O-O 6.Qc2 b6 7.cxd5
exd5 8.Bf4 c5 9.O-O Nc6 10.Nc3 Be6 11.Rfd1 Rc8 12.e3 c4 13.Ne5
Nb4 14.Qe2 Ne8 15.e4 Nf6 16.a3 Nd3 17.Nxd3 cxd3 18.Qxd3 dxe4
19.Nxe4 Nd5 20.Bd2 h6 21.Rac1 Qd7 22.Rxc8 Rxc8 23.Rc1 Rxc1+ 24.Bxc1
Bf5 25.Bd2 Qe6 26.Qf3 Bg4 27.Qb3 Qd7 28.Nc3 Nf6 29.Be3 Bh3 30.d5
Bxg2 31.Kxg2 Qf5 32.Qc4 g5 33.h3 h5 34.Bd4 g4 35.hxg4 hxg4 36.Qc6
Qf3+ 37.Kg1 Nh5 38.Qe8+ Bf8 39.Qe5 1-0